| 000 | 00479nam a22001818a 4500 | ||
|---|---|---|---|
| 020 | _a0812963369 : | ||
| 040 | _cDLC | ||
| 082 | _a581 ARN 1985 C166 Or. | ||
| 100 | 1 | _aKrochmal, Arnold, | |
| 245 | 1 | 2 | _aA field guide to medicinal plants / |
| 260 |
_aNew York : _bTimes Books, _cc1984 |
||
| 300 |
_a274 p. : _bill. ; _c24 cm |
||
| 500 | _aIncludes indexes | ||
| 650 | 0 | _aMedicinal plants | |
| 650 | 0 | _aMateria medica, Vegetable | |
| 700 | 1 | 0 | _aKrochmal, Connie |
| 942 | _cAEDBB | ||
| 999 |
_c19361 _d19361 |
||